[Event "CAN-op"]
[Site "Edmonton CAN"]
[Date "2000.07.10"]
[Round "4"]
[White "Novikov, Igor A"]
[Black "Huber, Gregory"]
[Result "1-0"]
[WhiteElo "2611"]
[BlackElo "2260"]
[PlyCount "65"]
[GameId "2160767911686388"]
[EventDate "2000.07.08"]
[EventType "swiss"]
[EventRounds "10"]
[EventCountry "CAN"]
[SourceTitle "EXT 2001"]
[Source "ChessBase"]
[SourceDate "2000.11.22"]
[SourceVersion "1"]
[SourceVersionDate "2000.11.22"]
[SourceQuality "1"]

1. d4 Nf6 2. c4 e6 3. Nf3 c5 4. d5 exd5 5. cxd5 d6 6. e4 g6 7. h3 Bg7 8. Bd3 O-O 9. O-O b5 10. Re1 c4 11. Bc2 Na6 12. a3 Nc5 13. Nc3 Qb6 14. Be3 Re8 15. Bd4 Nfd7 16. Bxg7 Kxg7 17. Qd4+ Ne5 18. a4 Ncd3 19. Qxb6 axb6 20. Bxd3 Nxd3 21. axb5 Bd7 22. Reb1 f5 23. exf5 Bxf5 24. Nd4 Rxa1 25. Rxa1 Nxb2 26. g4 Bd3 27. Ne6+ Kf6 28. Ra2 Rxe6 29. dxe6 Kxe6 30. Rxb2 d5 31. Rd2 d4 32. Na4 Ke5 33. Rxd3 1-0

[Event "CAN-op"]
[Site "Edmonton CAN"]
[Date "2000.07.10"]
[Round "4"]
[White "Odachowski, Arthur"]
[Black "Ottosen, David"]
[Result "1/2-1/2"]
[WhiteElo "2214"]
[BlackElo "2099"]
[PlyCount "95"]
[GameId "2160767911686390"]
[EventDate "2000.07.08"]
[EventType "swiss"]
[EventRounds "10"]
[EventCountry "CAN"]
[SourceTitle "EXT 2001"]
[Source "ChessBase"]
[SourceDate "2000.11.22"]
[SourceVersion "1"]
[SourceVersionDate "2000.11.22"]
[SourceQuality "1"]

1. d4 Nf6 2. c4 e6 3. Nc3 d5 4. cxd5 exd5 5. Bg5 Be7 6. e3 c6 7. Qc2 Nbd7 8. Bd3 h6 9. Bh4 O-O 10. Nge2 Re8 11. O-O Nh5 12. Bxe7 Qxe7 13. Rab1 Qh4 14. Qd2 Ndf6 15. f3 Qg5 16. Nd1 Bf5 17. Bxf5 Qxf5 18. Rc1 Nd7 19. g4 Qg6 20. Kh1 Nhf6 21. Nf4 Qh7 22. Qf2 Nf8 23. Rc3 Ne6 24. Nxe6 Rxe6 25. Qg3 Rae8 26. Kg2 Qg6 27. h4 Nh7 28. Kh2 f5 29. Rg1 fxg4 30. Qxg4 Qf7 31. Rc2 Nf8 32. Rcg2 Rg6 33. Qh3 Rxg2+ 34. Rxg2 Qc7+ 35. Qg3 Qxg3+ 36. Kxg3 Re6 37. Kf2 Ng6 38. Rh2 Ne7 39. Ke2 Nf5 40. Kd3 Kf7 41. e4 dxe4+ 42. fxe4 Nxd4 43. Rf2+ Ke7 44. Kxd4 Rd6+ 45. Ke5 Rxd1 46. Rg2 Kf7 47. Rf2+ Ke7 48. Rg2 1/2-1/2

[Event "CAN-op"]
[Site "Edmonton CAN"]
[Date "2000.07.10"]
[Round "4"]
[White "Oliger, Mark"]
[Black "Bukowski, George"]
[Result "1-0"]
[WhiteElo "1891"]
[BlackElo "1662"]
[PlyCount "93"]
[GameId "2160767911686391"]
[EventDate "2000.07.08"]
[EventType "swiss"]
[EventRounds "10"]
[EventCountry "CAN"]

1. d4 d5 2. Nf3 Bg4 3. Ne5 Nf6 4. Nxg4 Nxg4 5. e4 Nf6 6. e5 Nfd7 7. Bd3 e6 8. Nd2 c5 9. c3 Nc6 10. Nf3 Qb6 11. Bc2 cxd4 12. cxd4 Bb4+ 13. Ke2 O-O 14. Qd3 f5 15. exf6 Nxf6 16. Rd1 e5 17. dxe5 Nxe5 18. Nxe5 Ne4 19. Qxd5+ Kh8 20. Nf7+ Rxf7 21. Qxf7 Rf8 22. Qxf8+ Bxf8 23. Bxe4 Bc5 24. Be3 Bxe3 25. fxe3 g6 26. b3 Qb5+ 27. Kf2 b6 28. Bd5 Kg7 29. a4 Qd7 30. Kg1 Qe7 31. e4 Qc5+ 32. Kh1 a5 33. Rf1 b5 34. axb5 Qxb5 35. Rf7+ Kh6 36. Ra7 Qd3 37. R7xa5 Qc3 38. R5a4 Kg5 39. Rf1 Qd3 40. Raa1 Qd4 41. Rad1 Qb2 42. Rb1 Qd4 43. b4 Qb6 44. b5 Kh6 45. e5 Qd4 46. b6 Qxe5 47. b7 1-0

[Event "CAN-op"]
[Site "Edmonton CAN"]
[Date "2000.07.10"]
[Round "4"]
[White "Olson, Hans"]
[Black "Hansen, Steve"]
[Result "0-1"]
[WhiteElo "2044"]
[BlackElo "1781"]
[PlyCount "76"]
[GameId "2160767911686392"]
[EventDate "2000.07.08"]
[EventType "swiss"]
[EventRounds "10"]
[EventCountry "CAN"]

1. e4 d5 2. exd5 Nf6 3. d4 Bg4 4. Bb5+ c6 5. dxc6 Nxc6 6. Nf3 e6 7. O-O Bd6 8. h3 Bh5 9. Nbd2 O-O 10. g4 Nxg4 11. hxg4 Bxg4 12. Bxc6 bxc6 13. Ne4 Be7 14. Kg2 f5 15. Ng3 h5 16. Rh1 h4 17. Nf1 f4 18. N1h2 h3+ 19. Kf1 Bh5 20. Qd3 c5 21. Qe4 Qd6 22. Qe5 Qa6+ 23. Ke1 Rf5 24. Qe4 Rd8 25. Bxf4 Rdf8 26. Be5 Rxf3 27. Rg1 R3f7 28. Ng4 Bg5 29. f4 Bxf4 30. Bxf4 Rxf4 31. Nh6+ Kh8 32. Qe5 Rf1+ 33. Rxf1 Qxf1+ 34. Kd2 Qf2+ 35. Kc3 cxd4+ 36. Kb4 Qd2+ 37. c3 Qxh6 38. Qxd4 Rf4 0-1

[Event "CAN-op"]
[Site "Edmonton CAN"]
[Date "2000.07.10"]
[Round "4"]
[White "Palsson, Halldor"]
[Black "Ross, Dave"]
[Result "0-1"]
[WhiteElo "2134"]
[BlackElo "2368"]
[PlyCount "72"]
[GameId "2160767911686393"]
[EventDate "2000.07.08"]
[EventType "swiss"]
[EventRounds "10"]
[EventCountry "CAN"]
[SourceTitle "EXT 2002"]
[Source "ChessBase"]
[SourceDate "2001.11.25"]
[SourceVersion "1"]
[SourceVersionDate "2001.11.25"]
[SourceQuality "1"]

1. d4 e6 2. c4 f5 3. g3 Nf6 4. Bg2 c6 5. Nf3 d5 6. b3 Bd6 7. O-O Qe7 8. Bb2 O-O 9. Nc3 Bd7 10. e3 Be8 11. Ne2 Bh5 12. Nf4 Bxf3 13. Qxf3 Nbd7 14. Nd3 g5 15. Qe2 g4 16. Ne5 Qg7 17. Nd3 Qe7 18. Ne5 Qg7 19. Nd3 h5 20. Rac1 Rf7 21. Rc2 h4 22. Nf4 Re8 23. Rfc1 Ne4 24. a3 Ndf6 25. b4 Bxf4 26. exf4 Nd6 27. c5 Nc4 28. a4 Qh6 29. b5 Rh7 30. Bh1 Kf7 31. Bc3 Reh8 32. Re1 Nd7 33. a5 Na3 34. Rb2 hxg3 35. fxg3 Nxb5 36. Bxd5 exd5 0-1

[Event "CAN-op"]
[Site "Edmonton CAN"]
[Date "2000.07.10"]
[Round "4"]
[White "Rowson, Jonathan"]
[Black "Gardner, Robert"]
[Result "1-0"]
[WhiteElo "2494"]
[BlackElo "2221"]
[PlyCount "81"]
[GameId "2160767911686395"]
[EventDate "2000.07.08"]
[EventType "swiss"]
[EventRounds "10"]
[EventCountry "CAN"]
[SourceTitle "EXT 2001"]
[Source "ChessBase"]
[SourceDate "2000.11.22"]
[SourceVersion "1"]
[SourceVersionDate "2000.11.22"]
[SourceQuality "1"]

1. e4 c5 2. Nc3 d6 3. f4 a6 4. Nf3 b5 5. g3 Bb7 6. d3 e6 7. Bg2 Nf6 8. O-O Be7 9. h3 d5 10. e5 Nfd7 11. d4 Nc6 12. Ne2 Qb6 13. c3 O-O-O 14. Kh2 f5 15. Ng5 Bxg5 16. fxg5 c4 17. Nf4 Ne7 18. Nh5 Rdg8 19. b3 Ng6 20. a4 Bc6 21. axb5 Bxb5 22. bxc4 Bxc4 23. Rf2 h6 24. gxh6 gxh6 25. Bf1 Bb3 26. Qe2 a5 27. Qa6+ Qxa6 28. Bxa6+ Kc7 29. Rxa5 Ra8 30. Ra3 Bc4 31. Bxc4 Rxa3 32. Bxa3 dxc4 33. Ng7 Ngf8 34. g4 fxg4 35. Bxf8 g3+ 36. Kxg3 Rg8 37. Rf7 Kc6 38. Bd6 Nb6 39. Kf3 Nd5 40. Nxe6 Nxc3 41. Nf4 1-0

[Event "CAN-op"]
[Site "Edmonton CAN"]
[Date "2000.07.10"]
[Round "4"]
[White "Schmitz, Andreas"]
[Black "Predescu, Sebastian"]
[Result "1-0"]
[WhiteElo "2182"]
[BlackElo "2076"]
[PlyCount "43"]
[GameId "2160767911686396"]
[EventDate "2000.07.08"]
[EventType "swiss"]
[EventRounds "10"]
[EventCountry "CAN"]

1. e4 c6 2. Nc3 d5 3. Qf3 dxe4 4. Nxe4 Nf6 5. Nxf6+ exf6 6. Bc4 Bd6 7. Ne2 O-O 8. d4 Qa5+ 9. c3 Re8 10. Bd3 Nd7 11. O-O Qc7 12. Bf4 Bxf4 13. Nxf4 b6 14. Rae1 Bb7 15. Nh5 Nf8 16. Qg4 Ng6 17. f4 Rxe1 18. Rxe1 f5 19. Bxf5 Qd6 20. Bb1 f5 21. Bxf5 Rf8 22. Be6+ 1-0

[Event "CAN-op"]
[Site "Edmonton CAN"]
[Date "2000.07.10"]
[Round "4"]
[White "Schmitz, Manuela"]
[Black "Boron, Anthony"]
[Result "1-0"]
[WhiteElo "2121"]
[BlackElo "1862"]
[PlyCount "44"]
[GameId "2160767911686397"]
[EventDate "2000.07.08"]
[EventType "swiss"]
[EventRounds "10"]
[EventCountry "CAN"]

1. d4 Nf6 2. c4 e6 3. Nf3 b6 4. a3 Bb7 5. Bg5 Be7 6. Nc3 d5 7. e3 O-O 8. cxd5 Nxd5 9. Bxe7 Qxe7 10. Rc1 Nd7 11. Nxd5 Bxd5 12. Rxc7 Qd6 13. Rc3 Rfc8 14. Rxc8+ Rxc8 15. Ba6 Rc7 16. O-O Qc6 17. Bd3 Be4 18. Bxe4 Qxe4 19. Ne5 g6 20. Nxd7 Rxd7 21. Qd2 Rc7 22. Rc1 Rc4 1-0

[Event "CAN-op"]
[Site "Edmonton CAN"]
[Date "2000.07.10"]
[Round "4"]
[White "Sekuloff, Mike"]
[Black "Porubszki, Georg"]
[Result "0-1"]
[WhiteElo "1725"]
[BlackElo "2042"]
[PlyCount "84"]
[GameId "2160767911686398"]
[EventDate "2000.07.08"]
[EventType "swiss"]
[EventRounds "10"]
[EventCountry "CAN"]

1. c4 e5 2. Nc3 Nc6 3. e3 d6 4. Nf3 g6 5. Be2 Bg7 6. O-O Nge7 7. Re1 O-O 8. d4 Bf5 9. d5 Nb4 10. e4 Bg4 11. a3 Na6 12. b4 Bxf3 13. Bxf3 f5 14. Bg5 h6 15. Bxe7 Qxe7 16. exf5 gxf5 17. Ra2 Qh4 18. Nb5 Qxc4 19. Nxc7 Qxa2 20. Ne6 Rac8 21. Qa4 Rf7 22. Bh5 Re7 23. Bg6 Qc2 24. Qxc2 Rxc2 25. Bxf5 Rc3 26. Nxg7 Kxg7 27. f4 Rxa3 28. fxe5 Rxe5 29. Rf1 Rae3 30. Be6 Re1 31. g4 Rxf1+ 32. Kxf1 Rxe6 33. dxe6 Nc7 34. e7 Kg6 35. h4 Kf6 36. Ke2 Kxe7 37. g5 hxg5 38. hxg5 Ke6 39. Kd3 Kd5 40. g6 Ne6 41. Kc3 a6 42. Kd3 Nf4+ 0-1

[Event "CAN-op"]
[Site "Edmonton CAN"]
[Date "2000.07.10"]
[Round "4"]
[White "Sexsmith, Kyle"]
[Black "Smith, Maurice"]
[Result "0-1"]
[WhiteElo "1566"]
[BlackElo "1836"]
[PlyCount "104"]
[GameId "2160767911686399"]
[EventDate "2000.07.08"]
[EventType "swiss"]
[EventRounds "10"]
[EventCountry "CAN"]

1. d4 Nf6 2. c4 c5 3. dxc5 Qa5+ 4. Bd2 Qxc5 5. e3 d6 6. g3 g6 7. Bg2 Bg7 8. Nc3 O-O 9. Qb3 Qc7 10. Nge2 Na6 11. O-O Nc5 12. Qb4 a6 13. e4 Rb8 14. Nd5 Nxd5 15. cxd5 Nd3 16. Qb3 Nc5 17. Qa3 b5 18. Rac1 Qd7 19. b4 Na4 20. Nc3 Nb6 21. Rfe1 Nc4 22. Qb3 Nxd2 23. Qc2 Nc4 24. f4 Bb7 25. Ne2 Rbc8 26. Qd3 Qd8 27. a4 Qb6+ 28. Kh1 Nb2 29. Qd2 Nxa4 30. f5 Rxc1 31. Rxc1 Rc8 32. fxg6 Rxc1+ 33. Qxc1 hxg6 34. Nf4 Qd4 35. h4 Qa1 36. Qxa1 Bxa1 37. Nd3 Nc3 38. Kg1 Ne2+ 39. Kf2 Nd4 40. Bh1 Bc3 41. Ke3 Nc2+ 42. Ke2 Nxb4 43. Nxb4 Bxb4 44. Kd3 Bc5 45. g4 a5 46. Bf3 a4 47. Bd1 Ba6 48. Kd2 a3 49. Bb3 b4 50. Ba2 Bb5 51. Bb3 Ba4 52. Kc2 a2 0-1

[Event "CAN-op"]
[Site "Edmonton CAN"]
[Date "2000.07.10"]
[Round "4"]
[White "Stanford, Mike"]
[Black "Jewlal, Derrick"]
[Result "1-0"]
[WhiteElo "2124"]
[BlackElo "1908"]
[PlyCount "101"]
[GameId "2160767911686400"]
[EventDate "2000.07.08"]
[EventType "swiss"]
[EventRounds "10"]
[EventCountry "CAN"]

1. e4 c6 2. d4 d5 3. e5 Bf5 4. Nc3 e6 5. g4 Bg6 6. Nge2 h6 7. Be3 Nd7 8. f4 Qh4+ 9. Ng3 Bb4 10. Bf2 Qd8 11. Qd2 Qc7 12. a3 Be7 13. h4 f5 14. gxf5 Bxf5 15. Nxf5 exf5 16. Bd3 g6 17. h5 g5 18. Be3 Nb6 19. b3 gxf4 20. Bxf4 Qd7 21. Qg2 O-O-O 22. Qh3 Rf8 23. Rg1 Bd8 24. O-O-O Ne7 25. Rg7 Na8 26. Na4 Bb6 27. Nxb6+ axb6 28. Qh4 Kd8 29. e6 Qe8 30. Bd6 Kc8 31. Bxe7 Rfg8 32. Rxg8 Rxg8 33. Bxf5 Nc7 34. Bg6 Rxg6 35. hxg6 Qxg6 36. Qf6 Qg5+ 37. Qxg5 hxg5 38. Bxg5 Nxe6 39. Be3 b5 40. Rh1 Kb8 41. Kb2 Ka7 42. c4 Nc7 43. Kc3 dxc4 44. d5+ Ka6 45. d6 Nd5+ 46. Kd2 c3+ 47. Kd3 Nxe3 48. Kxe3 Kb6 49. Rh7 c5 50. Rc7 c4 51. bxc4 1-0

[Event "CAN-op"]
[Site "Edmonton CAN"]
[Date "2000.07.10"]
[Round "4"]
[White "Steinke, Wally"]
[Black "Thimm, Harald"]
[Result "1/2-1/2"]
[WhiteElo "1731"]
[BlackElo "2016"]
[PlyCount "46"]
[GameId "2160767911686401"]
[EventDate "2000.07.08"]
[EventType "swiss"]
[EventRounds "10"]
[EventCountry "CAN"]

1. d4 d5 2. c4 Nf6 3. Nc3 e6 4. Bg5 c6 5. e3 Qa5 6. Bxf6 gxf6 7. cxd5 exd5 8. Qc2 Bb4 9. Bd3 Be6 10. Nge2 h6 11. a3 Nd7 12. Rc1 Bd6 13. Ng3 Bxg3 14. hxg3 Nb6 15. O-O Nc4 16. Bxc4 dxc4 17. Ne4 Ke7 18. Nc5 Qb5 19. Nxe6 fxe6 20. Qxc4 Qxc4 21. Rxc4 Rhg8 22. e4 Rg4 23. Re1 Rd8 1/2-1/2

[Event "CAN-op"]
[Site "Edmonton CAN"]
[Date "2000.07.10"]
[Round "4"]
[White "Stone, Gerald"]
[Black "Kesteris, Thorston"]
[Result "0-1"]
[WhiteElo "1501"]
[BlackElo "1152"]
[PlyCount "134"]
[GameId "2160767911686402"]
[EventDate "2000.07.08"]
[EventType "swiss"]
[EventRounds "10"]
[EventCountry "CAN"]

1. d4 d5 2. c4 Nf6 3. Nc3 dxc4 4. e4 Nc6 5. d5 Nb4 6. Qa4+ Bd7 7. Qxb4 e6 8. Qxc4 exd5 9. Nxd5 Nxd5 10. Qxd5 c6 11. Qd1 Bc5 12. Be3 Bb4+ 13. Bd2 Bc5 14. Qf3 O-O 15. Bc4 Be6 16. Bxe6 fxe6 17. Qb3 Rxf2 18. O-O-O Rxg2 19. Nh3 Kh8 20. Bb4 Qb6 21. Bxc5 Qxc5+ 22. Kb1 e5 23. Qxb7 Rf8 24. Rc1 Qd4 25. Rhg1 Qd3+ 26. Ka1 Qxh3 27. Rxg2 Qxg2 28. Qxc6 h6 29. Qd6 Re8 30. Qd7 Rb8 31. Rb1 a5 32. Qc7 Rb5 33. a4 Rb4 34. Qxa5 Qxe4 35. b3 Qd4+ 36. Ka2 Qd2+ 37. Ka3 Rxb3+ 38. Rxb3 Qxa5 39. Rb8+ Kh7 40. Rb5 Qc3+ 41. Rb3 Qc5+ 42. Rb4 e4 43. Kb3 e3 44. Rc4 Qd5 45. Kc3 e2 46. h4 e1=Q+ 47. Kb3 Qf3+ 48. Kb2 Qee2+ 49. Rc2 Qe5+ 50. Kb1 Qe1+ 51. Kb2 Qec3+ 52. Rxc3 Qf2+ 53. Kb3 g5 54. hxg5 hxg5 55. Kb4 g4 56. a5 g3 57. Rc7+ Kg6 58. Kb5 g2 59. Rc6+ Kf7 60. Ka6 Qe2+ 61. Kb7 Qb5+ 62. Kc7 Qxa5+ 63. Kc8 g1=R 64. Rc7+ Ke8 65. Kb8 Rb1+ 66. Rb7 Qe5+ 67. Kc8 Rc1+ 0-1

[Event "CAN-op"]
[Site "Edmonton CAN"]
[Date "2000.07.10"]
[Round "4"]
[White "Strojevs, Alexander"]
[Black "Neufahrt, Gerhard"]
[Result "0-1"]
[WhiteElo "1904"]
[BlackElo "2131"]
[PlyCount "82"]
[GameId "2160767911686403"]
[EventDate "2000.07.08"]
[EventType "swiss"]
[EventRounds "10"]
[EventCountry "CAN"]

1. d4 g6 2. e4 Bg7 3. Nf3 d6 4. c4 c6 5. Be2 Bg4 6. Nc3 h5 7. Be3 Nh6 8. Qd2 Nd7 9. h3 Bxf3 10. Bxf3 e5 11. Be2 f5 12. f3 f4 13. Bf2 Nf7 14. d5 c5 15. Bd3 Bh6 16. Qe2 g5 17. Qc2 Rg8 18. Be2 Nf6 19. Qa4+ Qd7 20. Qxd7+ Kxd7 21. O-O-O g4 22. hxg4 Nxg4 23. Bg1 Nf6 24. Bf1 Bg5 25. Kc2 h4 26. Bf2 Rh8 27. Be2 Rag8 28. Bf1 Nh5 29. Ne2 Ng3 30. Nxg3 fxg3 31. Bg1 Bf4 32. Kd3 Ng5 33. Ke2 h3 34. gxh3 Nxe4 35. fxe4 g2 36. Bxg2 Rxg2+ 37. Bf2 Bg3 38. Kf3 Rxf2+ 39. Kxg3 Rxb2 40. Rb1 Rg8+ 41. Kf3 Rbg2 0-1

[Event "CAN-op"]
[Site "Edmonton CAN"]
[Date "2000.07.10"]
[Round "4"]
[White "Sutton, Jack"]
[Black "Blakely, Grant"]
[Result "0-1"]
[WhiteElo "1331"]
[BlackElo "1147"]
[PlyCount "70"]
[GameId "2160767911686404"]
[EventDate "2000.07.08"]
[EventType "swiss"]
[EventRounds "10"]
[EventCountry "CAN"]

1. e4 d5 2. exd5 Qxd5 3. Nc3 Qa5 4. Nf3 Nc6 5. d3 Nf6 6. Bd2 Bg4 7. Be2 O-O-O 8. Ne4 Qd5 9. c4 Qf5 10. h3 Bh5 11. g4 Nxg4 12. hxg4 Qxg4 13. Nfg5 Qg2 14. Bxh5 Qxh1+ 15. Ke2 Qxh5+ 16. f3 Nd4+ 17. Ke3 e5 18. Bc3 Bc5 19. Kd2 f6 20. Qg1 Nxf3+ 21. Nxf3 Bxg1 22. Nxg1 Rd7 23. Rf1 Rhd8 24. Nc5 Qh2+ 25. Ne2 Rd6 26. d4 exd4 27. Bxd4 Rxd4+ 28. Kc3 Qh3+ 29. Kb4 Qxf1 30. Ne6 Qe1+ 31. Kb3 Rd3+ 32. Nc3 Qxe6 33. Kb4 Qb6+ 34. Nb5 c5+ 35. Ka4 Qa6# 0-1

[Event "CAN-op"]
[Site "Edmonton CAN"]
[Date "2000.07.10"]
[Round "4"]
[White "Taylor, Ian"]
[Black "Pivovarov, Juraj"]
[Result "0-1"]
[WhiteElo "1304"]
[BlackElo "1677"]
[PlyCount "64"]
[GameId "2160767911686405"]
[EventDate "2000.07.08"]
[EventType "swiss"]
[EventRounds "10"]
[EventCountry "CAN"]

1. g3 d5 2. d4 Nf6 3. Nf3 c5 4. c3 e6 5. dxc5 Bxc5 6. Bf4 Nc6 7. e3 Bd7 8. Bg2 h6 9. Ne5 O-O 10. O-O Be7 11. Nxc6 Bxc6 12. Nd2 g5 13. Be5 Nd7 14. Nf3 f6 15. Nd4 Qb6 16. Nxe6 Nxe5 17. Nxf8 Kxf8 18. b3 Bb5 19. Qh5 Kg7 20. Bxd5 Bxf1 21. Rxf1 Rd8 22. Rd1 Qc5 23. c4 b5 24. Rd4 bxc4 25. bxc4 Rxd5 26. cxd5 Bd6 27. f4 Qc1+ 28. Rd1 Qxe3+ 29. Kg2 g4 30. Rf1 Qe4+ 31. Kg1 Bc5+ 32. Rf2 Qe1+ 0-1

[Event "CAN-op"]
[Site "Edmonton CAN"]
[Date "2000.07.10"]
[Round "4"]
[White "Taylor, William"]
[Black "Kleist, Carol"]
[Result "1-0"]
[WhiteElo "2022"]
[BlackElo "1607"]
[PlyCount "99"]
[GameId "2160767911686406"]
[EventDate "2000.07.08"]
[EventType "swiss"]
[EventRounds "10"]
[EventCountry "CAN"]

1. f4 d5 2. b3 Nf6 3. Bb2 g6 4. Nf3 Bg7 5. e3 O-O 6. c4 c6 7. Nc3 b6 8. cxd5 cxd5 9. Rc1 Bb7 10. Nb5 Nc6 11. Nbd4 Rc8 12. Nxc6 Rxc6 13. Rxc6 Bxc6 14. Qc2 Bb7 15. Be2 Qc8 16. Qb1 Ba6 17. Bxa6 Qxa6 18. d3 Qa5+ 19. Ke2 Rc8 20. Rc1 Rxc1 21. Bxc1 Nd7 22. Bd2 Qc5 23. b4 Qc8 24. Qb3 e6 25. g4 a6 26. a4 Kf8 27. h3 Kg8 28. e4 dxe4 29. dxe4 b5 30. axb5 axb5 31. Qd3 Qc4 32. Qxc4 bxc4 33. e5 Bf8 34. Ke3 Nb6 35. Kd4 Be7 36. b5 Kg7 37. Ba5 Nd5 38. Kxc4 f6 39. b6 Nxb6+ 40. Bxb6 h6 41. exf6+ Bxf6 42. Bd4 Bxd4 43. Kxd4 Kf6 44. Ke4 g5 45. fxg5+ hxg5 46. Nxg5 Kxg5 47. Ke5 Kh4 48. Kxe6 Kg5 49. Kf7 Kh6 50. Kf6 1-0

[Event "CAN-op"]
[Site "Edmonton CAN"]
[Date "2000.07.10"]
[Round "4"]
[White "Tootoosis, Harold"]
[Black "Vigier, Gerry"]
[Result "1/2-1/2"]
[WhiteElo "1801"]
[BlackElo "2043"]
[PlyCount "74"]
[GameId "2160767911686407"]
[EventDate "2000.07.08"]
[EventType "swiss"]
[EventRounds "10"]
[EventCountry "CAN"]

1. e4 c5 2. Nf3 Nc6 3. d4 cxd4 4. Nxd4 Nf6 5. Nc3 d6 6. Bc4 e6 7. Bb3 Be7 8. Be3 a6 9. f3 Qc7 10. Qd2 Na5 11. O-O-O b5 12. Qd3 Nxb3+ 13. Nxb3 Nd7 14. Kb1 O-O 15. h4 Ne5 16. Qe2 Bb7 17. Qf2 Nc4 18. Bc1 Rac8 19. Rd3 b4 20. Nd1 a5 21. Ne3 Ba6 22. Nxc4 Bxc4 23. Rdd1 Bxb3 24. cxb3 Qc6 25. Be3 Qb5 26. Rd2 a4 27. bxa4 Qxa4 28. b3 Qa6 29. g3 Rc3 30. Rc2 Rxc2 31. Qxc2 Rc8 32. Qd2 Bf6 33. Rd1 Qc6 34. Qd3 h6 35. Bd2 Qb6 36. Be3 Qc6 37. Bd2 Qb6 1/2-1/2

[Event "CAN-op"]
[Site "Edmonton CAN"]
[Date "2000.07.10"]
[Round "4"]
[White "Tuason, Alfred"]
[Black "Carayanniotis, George"]
[Result "1/2-1/2"]
[WhiteElo "1558"]
[BlackElo "998"]
[PlyCount "84"]
[GameId "2160767911686408"]
[EventDate "2000.07.08"]
[EventType "swiss"]
[EventRounds "10"]
[EventCountry "CAN"]

1. b3 d6 2. Bb2 Nd7 3. e4 Ngf6 4. Nc3 c6 5. Nf3 g6 6. Bc4 b5 7. Bd3 a6 8. O-O e5 9. Re1 Qb6 10. h3 Be7 11. Bf1 Nh5 12. Ne2 O-O 13. d3 f5 14. exf5 Rxf5 15. Bc1 Rf7 16. Be3 Qd8 17. Nc3 Bf6 18. Ne4 Be7 19. Bg5 Ndf6 20. Nxf6+ Bxf6 21. Bxf6 Rxf6 22. d4 exd4 23. Nxd4 Bd7 24. Bd3 c5 25. Nf3 Bxh3 26. gxh3 Nf4 27. Kh2 Qd7 28. Ng5 h6 29. Qg4 Qxg4 30. hxg4 Nxd3 31. cxd3 hxg5 32. Kg3 Raf8 33. Re2 Rf3+ 34. Kg2 Rxd3 35. Re6 Kg7 36. Rae1 Rdf3 37. R1e2 R3f4 38. Kg3 R4f6 39. Re7+ R8f7 40. Re8 Rd7 41. Ra8 Rf8 42. Rxa6 d5 1/2-1/2

[Event "CAN-op"]
[Site "Edmonton CAN"]
[Date "2000.07.10"]
[Round "4"]
[White "Watson, Michael"]
[Black "Goutor, Evgeni"]
[Result "0-1"]
[WhiteElo "1241"]
[BlackElo "1702"]
[PlyCount "87"]
[GameId "2160767911686409"]
[EventDate "2000.07.08"]
[EventType "swiss"]
[EventRounds "10"]
[EventCountry "CAN"]

1. e4 d6 2. d4 Nf6 3. Nc3 g6 4. Be3 Bg7 5. f3 O-O 6. Qd2 Nbd7 7. O-O-O c6 8. Bd3 b5 9. Bh6 Qb6 10. Bxg7 Kxg7 11. Nge2 a5 12. g4 Ba6 13. h4 c5 14. Nd5 Nxd5 15. exd5 cxd4 16. h5 Rh8 17. hxg6 fxg6 18. Qh6+ Kf7 19. Nf4 Ne5 20. Be4 Rag8 21. Ne6 Ke8 22. Qh4 d3 23. cxd3 Nxf3 24. Bxf3 Qe3+ 25. Kb1 Qxf3 26. Rhe1 g5 27. Nxg5 Qf6 28. Qh5+ Qg6 29. Ne6 Qxh5 30. gxh5 Kd7 31. Rc1 Rc8 32. h6 b4 33. Rxc8 Rxc8 34. Re3 Bb7 35. Nf4 Rf8 36. Re4 Rf5 37. Kc2 Bxd5 38. Nxd5 Rxd5 39. Rh4 Ke6 40. a3 bxa3 41. bxa3 Kf6 42. Kc3 Kg6 43. Kc4 Rh5 44. Re4 0-1

[Event "CAN-op"]
[Site "Edmonton CAN"]
[Date "2000.07.10"]
[Round "4"]
[White "Weis, Rod"]
[Black "McCusky, Louis"]
[Result "1-0"]
[WhiteElo "1858"]
[BlackElo "1558"]
[PlyCount "87"]
[GameId "2160767911686410"]
[EventDate "2000.07.08"]
[EventType "swiss"]
[EventRounds "10"]
[EventCountry "CAN"]

1. d4 d5 2. c4 e6 3. Nc3 Nf6 4. Bf4 a6 5. e3 Nbd7 6. cxd5 exd5 7. Bd3 Be7 8. Nge2 Nf8 9. Rc1 Ne6 10. Qc2 Nxf4 11. Nxf4 g6 12. a3 c6 13. Nce2 g5 14. Nh3 Bxh3 15. gxh3 Bd6 16. Ng3 Bxg3 17. hxg3 Qe7 18. Bf5 Ne4 19. Ke2 h5 20. g4 h4 21. Bxe4 dxe4 22. Qc5 Rd8 23. Rc4 Rh6 24. Qxe7+ Kxe7 25. f3 exf3+ 26. Kxf3 Rf6+ 27. Ke2 Rd5 28. Rhc1 Kd7 29. e4 Rb5 30. b4 Rf4 31. Ke3 a5 32. Rc5 axb4 33. Rxb5 cxb5 34. axb4 b6 35. d5 Rf6 36. Rc6 Rxc6 37. dxc6+ Kxc6 38. Kd4 f6 39. e5 f5 40. gxf5 g4 41. f6 gxh3 42. f7 h2 43. f8=Q h1=Q 44. Qa8+ 1-0

[Event "CAN-op"]
[Site "Edmonton CAN"]
[Date "2000.07.10"]
[Round "4"]
[White "Xu, Sheng Jun"]
[Black "Lynn, Jim"]
[Result "1/2-1/2"]
[WhiteElo "2100"]
[BlackElo "1904"]
[PlyCount "87"]
[GameId "2160767911686411"]
[EventDate "2000.07.08"]
[EventType "swiss"]
[EventRounds "10"]
[EventCountry "CAN"]

1. e4 d5 2. exd5 Nf6 3. d4 Bg4 4. Be2 Bxe2 5. Qxe2 Qxd5 6. Nf3 e6 7. Bf4 Bd6 8. Nc3 Qc6 9. Be5 Bxe5 10. dxe5 Nd5 11. Nxd5 Qxd5 12. O-O O-O 13. Rfd1 Qa5 14. Rd4 Nc6 15. Rh4 Ne7 16. Rd4 Rad8 17. Rxd8 Rxd8 18. Rd1 Rxd1+ 19. Qxd1 Qd5 20. Qxd5 exd5 21. Nd4 a6 22. b4 g5 23. Nf3 Nc6 24. Nxg5 Nxb4 25. e6 fxe6 26. Nxe6 Nxa2 27. Nxc7 Nc3 28. Ne6 a5 29. Nd4 b5 30. Kf1 a4 31. Ke1 a3 32. f3 Kf7 33. Kd2 b4 34. Kd3 a2 35. Nb3 Ke6 36. Kd4 Kd6 37. f4 Nb1 38. Kd3 Ke6 39. g4 Kf6 40. h3 h6 41. Na1 Na3 42. c3 bxc3 43. Kxc3 Nb5+ 44. Kb3 1/2-1/2

[Event "CAN-op"]
[Site "Edmonton CAN"]
[Date "2000.07.10"]
[Round "4"]
[White "Yoos, John"]
[Black "Wells, Peter K"]
[Result "0-1"]
[WhiteElo "2373"]
[BlackElo "2506"]
[PlyCount "80"]
[GameId "2160767911686412"]
[EventDate "2000.07.08"]
[EventType "swiss"]
[EventRounds "10"]
[EventCountry "CAN"]
[SourceTitle "EXT 2001"]
[Source "ChessBase"]
[SourceDate "2000.11.22"]
[SourceVersion "1"]
[SourceVersionDate "2000.11.22"]
[SourceQuality "1"]

1. e4 c6 2. d4 d5 3. e5 Bf5 4. Nc3 e6 5. g4 Bg6 6. Nge2 f6 7. h4 fxe5 8. h5 Bf7 9. dxe5 Nd7 10. f4 Qb6 11. Nd4 c5 12. Nf3 Ne7 13. Bg2 O-O-O 14. Qe2 Nc6 15. a3 c4 16. Nd1 h6 17. Be3 Bc5 18. c3 Rhf8 19. Nh4 Be8 20. O-O d4 21. cxd4 Nxd4 22. Bxd4 Bxd4+ 23. Kh1 Nc5 24. Ne3 Bxe3 25. Qxe3 Rd3 26. Qf2 Nb3 27. Qc2 Bc6 28. Kh2 Qd8 29. g5 Nxa1 30. Qxc4 Rd2 31. Nf3 Kb8 32. Qb4 Rxg2+ 33. Kxg2 Nc2 34. Qc5 Rxf4 35. Kg3 Rxf3+ 36. Rxf3 Bxf3 37. Kxf3 Nd4+ 38. Ke4 Nc6 39. b4 hxg5 40. b5 Ne7 0-1

[Event "CAN-op"]
[Site "Edmonton CAN"]
[Date "2000.07.10"]
[Round "4"]
[White "Zubac, Marius"]
[Black "Tyomkin, Dimitri"]
[Result "0-1"]
[WhiteElo "2308"]
[BlackElo "2512"]
[PlyCount "64"]
[GameId "2160767911686413"]
[EventDate "2000.07.08"]
[EventType "swiss"]
[EventRounds "10"]
[EventCountry "CAN"]

1. d4 d5 2. c4 c6 3. Nf3 Nf6 4. cxd5 cxd5 5. Nc3 Nc6 6. Bf4 Ne4 7. e3 Nxc3 8. bxc3 g6 9. Bd3 Bg7 10. h4 h5 11. Qc2 O-O 12. Ng5 Qe8 13. Nxf7 Qxf7 14. Bxg6 Qf6 15. Bxh5 e5 16. Bg5 Qd6 17. O-O Bf5 18. Qe2 Rac8 19. Rad1 exd4 20. exd4 Bh6 21. c4 Bxg5 22. hxg5 dxc4 23. Qxc4+ Be6 24. d5 Ne5 25. Qd4 Rc4 26. Qxa7 Bg4 27. Bxg4 Nxg4 28. g3 Rc3 29. Kg2 Nxf2 30. Rxf2 Qxg3+ 31. Kf1 Qh3+ 32. Ke2 Re8+ 0-1